000 00349nam a2200157Ia 4500
005 20250425161131.0
008 250425s9999 xx 000 0 und d
041 _aeng
082 _a624.15
245 0 _aFOUNDATION ANALYSIS AND DESIGN
250 _aS.E.
260 _aS.L.
260 _aSin Pais
_bMCGH
_c1982
942 _c01
010 _a13428
999 _c203079
_d203079